Statistiken für Länder am nächsten zu Gambia

Klicken Sie hier um das Quiz zu spielen!

Allgemein

  • Dieses Quiz wurde 122 mal gespielt
  • Das Durchschnittsergebnis liegt bei 17 aus 20

Antwortstatistiken

kmLand% Korrekt
74Guinea
97%
1357Marokko
97%
0Senegal
97%
1584Algerien
96%
1221Ghana
95%
61Guinea-Bissau
95%
665Liberia
94%
214Mauretanien
94%
1511Niger
94%
189Mali
93%
1615Benin
92%
1868Nigeria
92%
721Côte d'Ivoire
91%
413Sierra Leone
91%
1505Togo
90%
940Burkina Faso
87%
700Cabo Verde
85%
1548Spanien
65%
2099Portugal
61%
799Westsahara
37%

Verteilung der Resultate

Perzentil nach korrekt beantworteten Fragen

Anzahl Personen mit jedem Resultat

Ihre Resultats-Entwicklung

Sie haben dieses Quiz noch nicht gespielt